| 000 | 00664nam a22001937a 4500 | ||
|---|---|---|---|
| 003 | 0 | ||
| 005 | 20240809154510.0 | ||
| 008 | 240809b xxu||||| |||| 00| 0 eng d | ||
| 020 | _a978-1-77469-485-5 | ||
| 050 |
_aGT 3405 _b.K35 2023 |
||
| 100 | _aKalacas, Maria Rellie B. | ||
| 245 |
_aEvent planning in a socially distanced world _cMaria Rellie B. Kalacas |
||
| 260 |
_aBurlington, Canada _bSociety Publishing _c2023 |
||
| 300 |
_aviii, 285 pages : _bcolored illustrations ; _c24cm. |
||
| 504 | _aIncludes bibliographical references, index, and glossary. | ||
| 650 | _aSpecial events industry. | ||
| 650 | _aSpecial events--planning. | ||
| 942 |
_2lcc _cBK |
||
| 999 |
_c366077 _d366077 |
||